La industria petrolera ante la regulación jurídico-ecológica en México
Сохранить в:
| Главные авторы: | , , , , , , |
|---|---|
| Формат: | |
| Язык: | испанский |
| Опубликовано: |
Ciudad de México
Universidad Nacional Autónoma de México
1992
Ciudad de México Petróleos Mexicanos 1992 |
| Редактирование: | 1a. ed |
| Серии: | G: Estudios Doctrinales, 134
|
| Предметы: | |
| Метки: |
Добавить метку
Нет меток, Требуется 1-ая метка записи!
|
MARC
| LEADER | 00000nam a2200000 a 4500 | ||
|---|---|---|---|
| 001 | UCK4536 | ||
| 003 | CL-VaPUC | ||
| 008 | 050610e19920000mx |||||||||||||||||spa|d | ||
| 020 | |a 9683623786 | ||
| 082 | 0 | 4 | |a 346.0468232 |b MUÑ |2 21 |
| 100 | |a Muñoz Barret, Jorge |e autor |9 493066 | ||
| 700 | 0 | |a Sánchez Luna, Gabriela |e author |9 493067 | |
| 700 | 0 | |a Vega Gleason, Sylvia |e author |9 493068 | |
| 700 | 0 | |a Jiménez Peña, Adulfo |e author |9 493069 | |
| 700 | 0 | |a Celis, Humberto |e author |9 493070 | |
| 700 | 0 | |a Osorio, Avril |e author |9 493071 | |
| 700 | |a Carmona Lara, María del Carmen |e author |9 522776 | ||
| 245 | 1 | 3 | |a La industria petrolera ante la regulación jurídico-ecológica en México |
| 250 | |a 1a. ed | ||
| 300 | |a 251 p | ||
| 942 | |c BK | ||
| 945 | |d 20050610 00:00:00 |a cmena | ||
| 260 | |a Ciudad de México |b Universidad Nacional Autónoma de México |c 1992 | ||
| 260 | |a Ciudad de México |b Petróleos Mexicanos |c 1992 | ||
| 650 | 7 | |a PETROLEO |2 CL-VaPUC |9 320865 | |
| 650 | 0 | |a Industria del petróleo |9 261973 | |
| 650 | 0 | |a Recursos naturales |9 255232 | |
| 650 | 0 | |a Impacto ambiental |9 262796 | |
| 650 | 0 | |a Protección del medio ambiente |9 257626 | |
| 650 | 0 | |a Política ambiental |9 262970 | |
| 583 | |a last modification |c 20171220 04:13:51 |k Rodrigo Vera | ||
| 490 | 0 | |a G: Estudios Doctrinales, 134 | |
| 999 | |c 313366 |d 313364 | ||
| 952 | |0 0 |1 0 |4 0 |6 346_046823200000000_MUÑ_1992_1992 |7 0 |8 A |9 384690 |a BIBDER |b BIBDER |d 2019-11-22 |i 4118936 |o 346.0468232 MUÑ 1992 1992 |p 4118936 |r 2023-01-25 |w 2019-11-22 |y BK |k DER | ||